| 000 | 01161cam a2200349 a 4500 | ||
|---|---|---|---|
| 001 | 37 | ||
| 003 | FISKH | ||
| 005 | 20250821140204.0 | ||
| 008 | 011107s2002 nyu c 000 1 eng | ||
| 010 | _a 2001051829 | ||
| 020 | _z0786808284 (hardcover : alk. paper) | ||
| 020 | _z0786826429 (library : alk. paper) | ||
| 040 |
_aDLC _cDLC _dDLC |
||
| 042 | _alcac | ||
| 050 | 0 | 0 |
_aPZ7 _b.A953 Cr 2002 |
| 082 | 0 | 0 |
_a813.54 _221 |
| 100 | 0 |
_aAvi, _d1937- |
|
| 245 | 1 | 0 |
_aCrispin : _bthe cross of lead / _cAvi. |
| 250 | _a1st ed. | ||
| 260 |
_aNew York : _bScholastic _c2002 |
||
| 300 |
_a262 p. _c20 cm. |
||
| 500 | _aSequel: Crispin, at the edge of the world. | ||
| 520 | _aFalsely accused of theft and murder, an orphaned peasant boy in fourteenth-century England flees his village and meets a larger-than-life juggler who holds a dangerous secret. | ||
| 521 |
_a780 _bLexile |
||
| 521 |
_a N _bRaz-Plus |
||
| 650 | 1 |
_aIdentity _vFiction. |
|
| 650 | 1 |
_aOrphans _vFiction. |
|
| 650 | 1 |
_aMiddle Ages _vFiction. |
|
| 651 | 1 |
_aGreat Britain _xHistory _yEdward III, 1327-1377 _vFiction. |
|
| 906 |
_a7 _bcbc _corignew _d1 _eocip _f20 _gy-gencatlg |
||
| 942 |
_2lcc _cBK _n0 |
||
| 999 |
_c37 _d37 |
||